[Event "Frankfurt"]
[Site "Frankfurt"]
[Date "1989.??.??"]
[Round "9"]
[White "San Segundo, Pablo"]
[Black "Kertesz, Alfred"]
[Result "1/2-1/2"]
[WhiteElo "2385"]
[BlackElo "2340"]

1.d4 Nf6 2.Nf3 e6 3.c4 c5 4.d5 d6 5.Nc3 exd5 6.cxd5 g6 7.g3 Bg7 8.Bg2 O-O
9.O-O Na6 10.Nd2 Nc7 11.a4 b6 12.Qc2 Ba6 13.Re1 Nd7 14.b3 f5 15.Bb2 Ne5 16.Nf3 f4
17.Rad1 Qe7 18.Ne4 Rae8 19.Nxe5 Bxe5 20.Bxe5 Qxe5 21.Qc3 Qxc3 22.Nxc3 Bxe2
23.Rxe2 Rxe2 24.Nxe2 f3 25.Nf4 fxg2 26.Ne6 Rf7 27.Kxg2 a6 28.f4 Re7 29.Nxc7 Rxc7
30.Kf3 Re7 31.Rb1 a5 32.g4 Kf7 33.h4 b5 34.h5 Rb7 35.hxg6+ hxg6 36.Ra1 bxa4
37.bxa4 Rb3+ 38.Ke4 Rb4+ 39.Kf3 Rd4 40.Rh1 Kg7 41.Rb1 Rd3+ 42.Ke4 Rd4+ 43.Kf3 Rxd5
44.Rb7+ Kf8 45.Rd7 Rd3+ 46.Ke2 Rd4 47.Kf3 d5 48.Ke3 Ke8 49.Rg7 Re4+ 50.Kf3 Re6
51.Ra7 d4 52.Rxa5 Re3+ 53.Kf2 Rc3 54.Ra6 c4 55.Rxg6 Rc2+ 56.Ke1 d3 57.Rd6 Re2+
58.Kd1 Re4 59.a5 Ke7 60.Rd5 Rxf4 61.a6 Rxg4 62.a7 Rg1+ 63.Kd2 Rg2+ 64.Kd1 Ra2
65.Rc5 Rxa7 66.Rxc4  1/2-1/2

[Event "Frunze"]
[Site "Frunze"]
[Date "1989.??.??"]
[Round "?"]
[White "Howell, James C"]
[Black "Moldobaev, Emil"]
[Result "0-1"]
[WhiteElo "2440"]
[BlackElo "2360"]

1.d4 Nf6 2.Nf3 e6 3.c4 c5 4.d5 exd5 5.cxd5 d6 6.Nc3 g6 7.Nd2 Nbd7 8.e4 Bg7
9.Be2 O-O 10.O-O Qe7 11.Re1 a6 12.a4 Rb8 13.Bf1 Nh5 14.Nc4 Ne5 15.Nb6 Bg4
16.f3 Bc8 17.Nxc8 Rfxc8 18.f4 Nd7 19.g3 Rd8 20.Bd2 Nhf6 21.Qb3 Ng4 22.Kg2 Bd4
23.Nd1 Ngf6 24.Qf3 Re8 25.Bd3 b5 26.axb5 axb5 27.Be3 Bxe3 28.Rxe3 c4 29.Bc2 b4
30.Ra7 Qd8 31.Ba4 Re7 32.Bxd7 Nxd7 33.Ra1 Ra8 34.Rc1 Nb6 35.Re2 Rc8 36.Ne3 Rec7
37.e5 c3 38.bxc3 Rxc3 39.Rxc3 Rxc3 40.e6 b3 41.Qe4 fxe6 42.Qd4 Nxd5 43.Ng4 Qc8
44.Nh6+ Kf8 45.Qh8+ Ke7 46.Qxh7+ Kd8 47.Nf7+ Kc7 48.Qxg6 Qb7 49.Qe4 b2 50.Nxd6 Kxd6
51.Qxe6+ Kc5 52.Qe8 Nf6+  0-1

[Event "Troll Masters"]
[Site "Gausdal"]
[Date "1989.??.??"]
[Round "?"]
[White "Engqvist, Thomas"]
[Black "Tisdall, Jonathan D"]
[Result "1-0"]
[WhiteElo "2305"]
[BlackElo "2460"]

1.d4 Nf6 2.c4 e6 3.Nf3 c5 4.d5 exd5 5.cxd5 d6 6.Nc3 g6 7.Bg5 Bg7 8.e3 h6
9.Bh4 g5 10.Bg3 Nh5 11.Bd3 Nxg3 12.hxg3 O-O 13.Qc2 f5 14.O-O Qf6 15.e4 fxe4
16.Nxe4 Qd8 17.Nfd2 Na6 18.a3 b5 19.Bxb5 Rb8 20.Bd3 Rxb2 21.Qd1 Rb6 22.Nc4 Bxa1
23.Nxb6 axb6 24.Qxa1 Bf5 25.Qb1 Bxe4 26.Bxe4 c4 27.Qb5 Nc5 28.Qxc4 Qf6 29.Bb1 Ra8
30.Qb4 Ra4 31.Qxb6 Rxa3 32.Qc7 Ra8 33.Re1 Kf8 34.Re3 g4 35.Qh7 Qg7 36.Qf5+ Kg8
37.Qf4 Rd8 38.Bf5 h5 39.Bc2 Kh8 40.Qf5 Rf8  1-0

[Event "BL2-N8889"]
[Site "Germany"]
[Date "1989.??.??"]
[Round "?"]
[White "Dankert, Peter"]
[Black "Wockenfuss, Klaus"]
[Result "1-0"]
[WhiteElo "2255"]
[BlackElo "2405"]

1.d4 Nf6 2.Nf3 e6 3.c4 c5 4.d5 exd5 5.cxd5 d6 6.Nc3 g6 7.e4 Bg7 8.Bf4 O-O
9.Be2 Bg4 10.O-O Re8 11.Nd2 Bxe2 12.Qxe2 Nh5 13.Be3 Nd7 14.a4 a6 15.a5 Bd4
16.Nc4 Qf6 17.Qd2 Bxe3 18.Qxe3 Rab8 19.Rad1 b5 20.axb6 Nxb6 21.Na5 Nd7 22.Rd2 Qh4
23.Nc6 Rb6 24.f4 Nhf6 25.Qf3 Qg4 26.Qd3 Rb3 27.e5 Nh5 28.Qc4 Rb6 29.exd6 Re3
30.Nd1 Reb3 31.Re2 Nhf6 32.Re3 Rxe3 33.Nxe3 Qh4 34.Qc3 h5 35.Nc4 Rb7 36.N6e5 Kh7
37.Nxd7 Rxd7 38.h3 Rxd6 39.Nxd6  1-0

[Event "NRW-Liga II 8889"]
[Site "Germany"]
[Date "1989.??.??"]
[Round "?"]
[White "Reinartz, Georg"]
[Black "Van der Veen, Heinz"]
[Result "1/2-1/2"]
[WhiteElo "2245"]
[BlackElo "2235"]

1.d4 Nf6 2.Nf3 c5 3.d5 e6 4.c4 exd5 5.cxd5 d6 6.Nc3 g6 7.e4 Bg7 8.Be2 Bg4
9.O-O O-O 10.Re1 a6 11.a4 Re8 12.h3 Bxf3 13.Bxf3 Nbd7 14.a5 Rb8 15.Ra2 Qc7
16.Be3 b5 17.axb6 Rxb6 18.Qc2 Reb8 19.Rb1 Ne8 20.Nd1 Qb7 21.Qa4  1/2-1/2

[Event "HUN-ch"]
[Site "?"]
[Date "1989.??.??"]
[Round "?"]
[White "Petran, Pal"]
[Black "Palkovi, Jozsef"]
[Result "0-1"]
[WhiteElo "2440"]
[BlackElo "2425"]

1.d4 Nf6 2.c4 e6 3.Nf3 c5 4.d5 exd5 5.cxd5 d6 6.Nc3 g6 7.e4 Bg7 8.Bb5+ Bd7
9.Bxd7+ Nbxd7 10.Bf4 Qe7 11.O-O O-O 12.Nd2 a6 13.a4 Ne8 14.Qc2 Rb8 15.a5 b5
16.axb6 Rxb6 17.Nc4 Rb4 18.Nd1 Nb6 19.Nde3 Qf6 20.Bg3 Nxc4 21.Nxc4 Qd4 22.Rac1 f5
23.exf5 gxf5 24.Rfd1 Qf6 25.Bf4 Qg6 26.b3 Bd4 27.Rd3 Kh8 28.Re1 Rb7 29.Rg3 Qf7
30.Re6 Re7 31.Qe2 Rxe6 32.Qxe6 Qxe6 33.dxe6 d5 34.Nd6 Nxd6 35.Bxd6 Re8 36.e7 f4
37.Rf3 Bf6  0-1

[Event "Leningrad"]
[Site "Leningrad"]
[Date "1989.??.??"]
[Round "?"]
[White "Aseev, Konstantin N"]
[Black "Luther, Thomas"]
[Result "1/2-1/2"]
[WhiteElo "2485"]
[BlackElo "2410"]

1.d4 e6 2.c4 Nf6 3.Nf3 c5 4.d5 exd5 5.cxd5 d6 6.Nc3 g6 7.e4 Bg7 8.h3 O-O
9.Bd3 a6 10.a4 Nbd7 11.O-O Nh5 12.Bg5 Bf6 13.Be3 Re8 14.g4 Ng7 15.Re1 Ne5
16.Nxe5 Bxe5 17.f4 Bd4 18.Qf3 Qh4 19.Kg2 f5 20.exf5 gxf5 21.g5 Nh5 22.Bd2 Bd7
23.Rxe8+ Rxe8 24.Rf1 h6 25.gxh6 Kh7 26.Ne2 Rg8+ 27.Kh2 Nf6 28.Nxd4 cxd4 29.Rg1 Rxg1
30.Kxg1 Kxh6 31.Qg2 Ne4 32.Bxe4 fxe4 33.Qxe4 Qg3+ 34.Qg2 Qxg2+ 35.Kxg2 Bf5
36.Kf3 Bc2 37.a5 Kg6 38.Bb4 Kf5 39.Bxd6 Bb3 40.Be5 Bxd5+  1/2-1/2

[Event "Lillafured"]
[Site "Lillafured"]
[Date "1989.??.??"]
[Round "?"]
[White "Polajzer, Danilo"]
[Black "Blees, Albert"]
[Result "0-1"]
[WhiteElo "2345"]
[BlackElo "2345"]

1.d4 Nf6 2.c4 e6 3.Nf3 c5 4.d5 exd5 5.cxd5 d6 6.Nc3 g6 7.Nd2 Nbd7 8.e4 Bg7
9.Be2 O-O 10.O-O Re8 11.f4 c4 12.Kh1 Nc5 13.e5 dxe5 14.fxe5 Rxe5 15.Nxc4 Re8
16.Bg5 h6 17.Bf4 Nfe4 18.Nb5 g5 19.Bc7 Qe7 20.Bh5 Rf8 21.Qe2 g4 22.Rae1 Qh4
23.Bxf7+ Rxf7 24.Rxf7 g3 25.Rxg7+ Kxg7 26.h3 Nd3 27.Nbd6 Bxh3 28.gxh3 Nef2+
29.Kg2 Qxh3+ 30.Kf3 g2+  0-1

[Event "Lugano op"]
[Site "Lugano"]
[Date "1989.??.??"]
[Round "1"]
[White "Welin, Thomas"]
[Black "Vancini, Edoardo"]
[Result "1-0"]
[WhiteElo "2395"]
[BlackElo "2245"]

1.d4 Nf6 2.Nf3 c5 3.d5 e6 4.c4 exd5 5.cxd5 d6 6.Nc3 g6 7.Bf4 a6 8.e4 Bg7
9.Qa4+ Bd7 10.Qb3 Bc8 11.a4 Qe7 12.Be2 O-O 13.Nd2 Nbd7 14.O-O Ne5 15.h3 Nfd7
16.Rfe1 g5 17.Bg3 Ng6 18.Nf1 Nde5 19.Ne3 Nf4 20.Bg4 Ned3 21.Bxc8 Nxe1 22.Nf5 Qc7
23.Bxf4 gxf4 24.Qd1 f3 25.Qxe1 Raxc8 26.Qe3 Be5 27.Qxf3 Kh8 28.g3 b5 29.axb5 axb5
30.Nxb5 Qd8 31.Ra6 Qf6 32.Qe2 Ra8 33.Rxd6 Bxd6 34.Nbxd6 Rfe8 35.Nxe8 Rxe8
36.Qb5 Rc8 37.Qb7 Rf8 38.Qc7 Qxb2 39.Qxc5 Re8 40.Qc6 Qe5  1-0

[Event "Lugano op"]
[Site "Lugano"]
[Date "1989.??.??"]
[Round "5"]
[White "Lerner, Konstantin Z"]
[Black "Maus, Soenke"]
[Result "1-0"]
[WhiteElo "2535"]
[BlackElo "2400"]

1.d4 Nf6 2.c4 c5 3.d5 e6 4.Nc3 exd5 5.cxd5 d6 6.Nf3 g6 7.Nd2 Bg7 8.e4 O-O
9.Be2 Na6 10.O-O Nc7 11.a4 b6 12.Nc4 Ba6 13.Bg5 h6 14.Bf4 Nh5 15.Be3 Qh4
16.Qd2 f5 17.Bxh6 Bxc4 18.Bxc4 f4 19.Bxg7 Kxg7 20.f3 Rh8 21.Rfe1 Nf6 22.h3 Nd7
23.e5 Nxe5 24.Rxe5 dxe5 25.d6 Ne8 26.d7 Nf6 27.Qd6 Kh6 28.Qe7 Rad8 29.Rd1 Kh5
30.Qxe5+ Qg5 31.Qe7 Rxd7 32.Rxd7 Nxd7 33.Qxd7 Qe5 34.Kh2 Kh6 35.Ne4 Qxb2
36.Qd6 Qg7 37.Qxf4+ g5 38.Qd6+ Qg6 39.Nf6  1-0

[Event "Lugano op"]
[Site "Lugano"]
[Date "1989.??.??"]
[Round "7"]
[White "Van der Werf, Mark"]
[Black "Stobik, Dietrich"]
[Result "1/2-1/2"]
[WhiteElo "2310"]
[BlackElo "2235"]

1.d4 Nf6 2.c4 e6 3.Nf3 c5 4.d5 exd5 5.cxd5 d6 6.Nc3 g6 7.Bg5 Bg7 8.e4 Bg4
9.Bb5+ Nbd7 10.h3 Bxf3 11.Qxf3 h6 12.Bxd7+ Kxd7 13.Bh4 Qe7 14.O-O Kd8 15.e5 Qxe5
16.Rfe1 Qf5 17.Qe3 Qd7 18.Ne4 g5 19.Bxg5 hxg5 20.Qxg5 Kc7 21.Nxf6 Bxf6 22.Qxf6 Rae8
23.Qc3 Reg8 24.Re3 Rh6 25.Rg3 Rhg6 26.Rxg6 Rxg6 27.Re1 Rg5 28.Qf6 Rf5 29.Qh4 Re5
30.Rxe5 dxe5 31.Qc4 Kd6 32.b4 cxb4 33.Qxb4+ Kxd5 34.h4 Ke6 35.Qg4+ Kd6 36.Qg5 Qe6
37.h5 Qxa2 38.h6 Qb1+ 39.Kh2 Qh7 40.g4 Ke6 41.Qg7 Qc2 42.Kg1 Qb1+ 43.Kh2  1/2-1/2

[Event "Lugano op"]
[Site "Lugano"]
[Date "1989.??.??"]
[Round "9"]
[White "Pergericht, Daniel"]
[Black "Vancini, Edoardo"]
[Result "1/2-1/2"]
[WhiteElo "2355"]
[BlackElo "2245"]

1.d4 Nf6 2.c4 c5 3.d5 e6 4.Nc3 exd5 5.cxd5 d6 6.Nf3 g6 7.g3 Bg7 8.Bg2 O-O
9.O-O a6 10.a4 Nbd7 11.e4 Re8 12.Re1 Ng4 13.Nd2 Nde5 14.h3 Nh6 15.Qc2 f5
16.f4 Nef7 17.Nc4 fxe4 18.Nxe4 Nf5 19.Bd2 Nd4 20.Qd1 b6 21.a5 b5 22.Nb6 Ra7
23.Nxc8 Qxc8 24.b4 Nf5 25.Rc1 Rc7 26.Kh2 Rd8 27.g4 Nh4 28.Bh1 cxb4 29.Rxc7 Qxc7
30.Bxb4 Qc4 31.Qd2 g5 32.Rc1 Qb3 33.Bc3 gxf4 34.Bxg7 Kxg7 35.Rc3 Qb4 36.Qxf4 Qd4
37.Rc7 Rf8 38.Qxd6 b4 39.g5 Qb2+ 40.Kg1 Qd4+ 41.Nf2 Nf5 42.Qf6+ Qxf6 43.gxf6+ Kxf6
44.Ne4+ Ke5 45.Nc5 Rg8+ 46.Kf2 N7d6 47.Nd3+ Kf6 48.Rc6 Rb8 49.Be4 b3 50.Bxf5 Kxf5
51.Rxd6 b2 52.Nxb2 Rxb2+ 53.Kg3 Rb5 54.Rxa6 Rxd5 55.Kh4 Kf4 56.Ra8 Kf5 57.a6 Rd7
58.Rb8 Rd4+ 59.Kh5 Ra4 60.Ra8 Kf6 61.Ra7 Ra5+ 62.Kh6 Ra4 63.Kh5 Ra5+ 64.Kh6 Ra4  1/2-1/2

[Event "Luzern"]
[Site "Luzern"]
[Date "1989.??.??"]
[Round "?"]
[White "Cebalo, Miso"]
[Black "Franco Ocampo, Zenon"]
[Result "0-1"]
[WhiteElo "2485"]
[BlackElo "2475"]

1.d4 Nf6 2.Nf3 e6 3.c4 c5 4.d5 d6 5.Nc3 exd5 6.cxd5 g6 7.Bg5 h6 8.Bh4 Bg7
9.Nd2 O-O 10.e3 Na6 11.Nc4 Nc7 12.a4 b6 13.Be2 Ba6 14.Na3 Bxe2 15.Qxe2 g5
16.Bg3 Ncxd5 17.Nxd5 Nxd5 18.O-O-O Nb4 19.Bxd6 Re8 20.h4 Qf6 21.hxg5 hxg5
22.Kb1 Rad8 23.Bg3 a6 24.Bc7 Rxd1+ 25.Rxd1 Qc6 26.Bd8 Qxa4 27.Bxb6 Qb3 28.Nc4 Bxb2
29.Nxb2 Qa2+ 30.Kc1 Qa1+ 31.Kd2 Qxb2+ 32.Ke1 Nc2+ 33.Kf1 Nxe3+ 34.fxe3 Qxb6
35.Rd5 Re5 36.Qc4 Qe6 37.e4 Rxd5 38.exd5 Qf6+ 39.Ke2 Qd4 40.Qb3 Kg7 41.Qb7 c4
42.Qc6 c3 43.d6 Qd2+ 44.Kf3 c2  0-1

[Event "Marseille"]
[Site "Marseille"]
[Date "1989.??.??"]
[Round "?"]
[White "Kozul, Zdenko"]
[Black "Renet, Olivier"]
[Result "1-0"]
[WhiteElo "2490"]
[BlackElo "2480"]

1.d4 Nf6 2.c4 e6 3.Nf3 c5 4.d5 exd5 5.cxd5 d6 6.Nc3 g6 7.Bf4 a6 8.a4 Bg7
9.e4 O-O 10.Be2 Qe7 11.Nd2 Nbd7 12.O-O Ne5 13.Bg3 g5 14.Re1 Rb8 15.Qb3 Nfd7
16.Nd1 b5 17.axb5 axb5 18.Ne3 Nf6 19.Ra5 Bd7 20.Ra7 Qd8 21.Bxe5 dxe5 22.Qc3 Qb6
23.Rea1 Qd6 24.Qc2 Rfc8 25.Ndf1 c4 26.Ng3 Qc5 27.Nef5 Bf8 28.Qc3 Re8 29.Qf3 Rb6
30.Nh5 Nxh5 31.Qxh5 Bxf5 32.Qxf7+ Kh8 33.exf5 Rh6 34.Qxe8  1-0

[Event "Munich"]
[Site "Munich"]
[Date "1989.??.??"]
[Round "?"]
[White "Piket, Jeroen"]
[Black "Wahls, Matthias"]
[Result "1/2-1/2"]
[WhiteElo "2500"]
[BlackElo "2515"]

1.d4 Nf6 2.Nf3 e6 3.c4 c5 4.d5 exd5 5.cxd5 d6 6.Nc3 g6 7.e4 Bg7 8.h3 O-O
9.Bd3 b5 10.Bxb5 Nxe4 11.Nxe4 Qa5+ 12.Nfd2 Qxb5 13.Nxd6 Qa6 14.N2c4 Nd7 15.O-O  1/2-1/2

[Event "Naleczow op"]
[Site "Naleczow"]
[Date "1989.??.??"]
[Round "?"]
[White "Szymczak, Zbigniew"]
[Black "Prudnikova, Svetlana"]
[Result "1/2-1/2"]
[WhiteElo "2400"]
[BlackElo "2315"]

1.d4 Nf6 2.c4 e6 3.Nf3 c5 4.d5 exd5 5.cxd5 d6 6.Nc3 g6 7.Bf4 a6 8.a4 Bg7
9.e4 O-O 10.Nd2 Ng4 11.Be2 Ne5 12.O-O f5 13.exf5 Bxf5 14.Be3 Qh4 15.f4 Ng4
16.Bxg4 Bxg4 17.Qb3 Nd7 18.Nce4 Nf6 19.Nxd6 Be2 20.g3 Qh5 21.Rf2 b5 22.Bxc5 bxa4
23.Qxa4 Qxd5 24.Qa2 Bb5 25.Qxd5+ Nxd5 26.Nxb5 axb5 27.Rxa8 Rxa8 28.Nf3 Rc8
29.Bd4 Bxd4 30.Nxd4 b4 31.Rc2 Rxc2 32.Nxc2 b3 33.Na3 Kf7 34.Kf2 Kf6 35.Nc4 g5
36.fxg5+ Kxg5 37.Kf3 Nb4 38.h4+ Kh5 39.Ne5 Nd5 40.Nd3 Nb6 41.Kf4 Nc4 42.Kf3 Nd2+
43.Ke3 Nc4+ 44.Kf4 h6 45.Kf3 Ne5+ 46.Ke4 Nxd3 47.Kxd3 Kg4 48.Kc3 Kxg3 49.h5 Kg4
50.Kxb3 Kxh5 51.Kc4 Kg4 52.b4 h5 53.b5 h4 54.b6 h3 55.b7 h2 56.b8=Q h1=Q
57.Qg8+ Kf4 58.Qf7+ Kg5 59.Qg7+ Kf5  1/2-1/2

[Event "Naleczow op"]
[Site "Naleczow"]
[Date "1989.??.??"]
[Round "?"]
[White "Prudnikova, Svetlana"]
[Black "Praszak, Michal"]
[Result "1/2-1/2"]
[WhiteElo "2315"]
[BlackElo "2335"]

1.d4 Nf6 2.c4 e6 3.Nf3 c5 4.d5 exd5 5.cxd5 d6 6.Nc3 g6 7.Bg5 Bg7 8.e3 a6
9.a4 h6 10.Bh4 g5 11.Bg3 Nh5 12.Bd3 Nxg3 13.hxg3 Nd7 14.Qc2 Qe7 15.Rb1 Ne5
16.Bf5 Nxf3+ 17.gxf3 Bxf5 18.Qxf5 Rb8 19.Qd3 O-O 20.g4 f5 21.gxf5 Qe5 22.Ke2 Rxf5
23.Rbg1 b5 24.axb5 axb5 25.Rg4 c4 26.Qc2 Qf6 27.f4 b4 28.Ne4 Qxb2 29.Qxb2 Bxb2
30.Nxd6 Rxd5 31.Nxc4 Bg7 32.fxg5 hxg5 33.Rhg1 b3 34.Rxg5 Rxg5 35.Rxg5 b2
36.Nxb2 Rxb2+  1/2-1/2

[Event "New York op"]
[Site "New York"]
[Date "1989.??.??"]
[Round "1"]
[White "Chernin, Alexander"]
[Black "Stefansson, Hannes"]
[Result "1-0"]
[WhiteElo "2580"]
[BlackElo "2480"]

1.d4 Nf6 2.Nf3 e6 3.c4 c5 4.d5 exd5 5.cxd5 d6 6.Nc3 g6 7.e4 a6 8.a4 Bg4 9.Be2 Bg7
10.Be3 O-O 11.Nd2 Bxe2 12.Qxe2 Nbd7 13.O-O Ne5 14.h3 Re8 15.a5 h6 16.f4 Ned7
17.Qf3 b5 18.axb6 Nxb6 19.Rae1 a5 20.Bf2 Nfd7 21.Nb5 Qb8 22.e5 dxe5 23.d6 Nc4
24.Nxc4 Qxb5 25.Nxe5 c4 26.Nc6 Kh7 27.Ne7 Rxe7 28.dxe7 Re8 29.Rd1 Nf6 30.Rd8 Qb7
31.Bc5 a4 32.Kh2 h5 33.Bd6 h4 34.f5 g5 35.Be5 Rxe7 36.Bxf6 Qc7+ 37.Kg1  1-0

[Event "Novi Sad op"]
[Site "Novi Sad"]
[Date "1989.??.??"]
[Round "2"]
[White "Bagaturov, Giorgi"]
[Black "Levin, Felix"]
[Result "0-1"]
[WhiteElo "2370"]
[BlackElo "2305"]

1.d4 Nf6 2.c4 e6 3.Nf3 c5 4.d5 exd5 5.cxd5 d6 6.Nc3 g6 7.e4 Bg7 8.Nd2 O-O
9.Be2 Ne8 10.O-O f5 11.exf5 Bxf5 12.Nc4 Na6 13.a3 Nac7 14.a4 Na6 15.g4 Bc8
16.Ra3 Nb4 17.Ne4 b6 18.Bg5 Qd7 19.Re1 Bb7 20.Bf3 Bxd5 21.Nexd6 Bxf3 22.Rxf3 Nxd6
23.Nxd6 Qxg4+ 24.Rg3 Qxd1 25.Rxd1 Bxb2 26.Nb5 Rf7 27.Re1 Nc6 28.Kg2 Kf8 29.Re2 Bg7  0-1

[Event "Paris op-1"]
[Site "Paris"]
[Date "1989.??.??"]
[Round "?"]
[White "Dudognon, M."]
[Black "Gochev, Mladen"]
[Result "0-1"]
[WhiteElo "2080"]
[BlackElo "2360"]

1.d4 Nf6 2.Nf3 c5 3.d5 e6 4.c4 exd5 5.cxd5 d6 6.Nc3 a6 7.a4 g6 8.Bf4 Qe7
9.e3 Bg7 10.h3 O-O 11.Be2 Nbd7 12.O-O Ne8 13.Re1 Rb8 14.Bf1 Ne5 15.Nxe5 Bxe5
16.Bxe5 Qxe5 17.Qd2 f5 18.f4 Qf6 19.g3 g5 20.Bc4 Bd7 21.a5 Kh8 22.Kh2 gxf4
23.exf4 Nc7 24.Re3 b5 25.axb6 Rxb6 26.Rae1 Qd4 27.Qe2 Rbb8 28.Rd1 Qf6 29.Qd2 a5
30.b3 Rb4 31.Na2 Rb7 32.Qxa5 Ra8 33.Qd2 Bb5 34.Bxb5 Nxb5 35.Re6 Qf7 36.Rde1 Nd4
37.Qb2 Rxb3 38.Qa1 Rba3 39.R1e2 Kg8 40.g4 Nxe2  0-1

[Event "Paris-ch"]
[Site "Paris"]
[Date "1989.??.??"]
[Round "9"]
[White "Chernin, Alexander"]
[Black "Murrey, Jacob"]
[Result "0-1"]
[WhiteElo "2580"]
[BlackElo "2560"]

1.d4 Nf6 2.c4 e6 3.Nf3 c5 4.d5 exd5 5.cxd5 d6 6.Nc3 Be7 7.g3 O-O 8.Bg2 Re8
9.O-O Bf8 10.Nd2 Na6 11.Nc4 Rb8 12.a4 Nb4 13.e4 b6 14.Bf4 Ba6 15.b3 g6 16.Re1 Bxc4
17.bxc4 a6 18.Qd2 Nd7  0-1

[Event "CSR-ch int"]
[Site "Prague"]
[Date "1989.??.??"]
[Round "5"]
[White "Smejkal, Jan"]
[Black "Ftacnik, Lubomir"]
[Result "1/2-1/2"]
[WhiteElo "2515"]
[BlackElo "2550"]

1.d4 Nf6 2.c4 c5 3.d5 e6 4.Nc3 exd5 5.cxd5 d6 6.Nf3 g6 7.Bg5 Bg7 8.Nd2 h6
9.Bh4 g5 10.Bg3 Nh5 11.Nc4 Nxg3 12.hxg3 O-O 13.e3 Qe7 14.Qc2 f5 15.Be2 Bd7
16.a4 Na6 17.O-O Nb4 18.Qd2  1/2-1/2

[Event "Sevilla op"]
[Site "Sevilla"]
[Date "1989.??.??"]
[Round "?"]
[White "Komljenovic, Davor"]
[Black "Fernandez Aguado, Enrique"]
[Result "0-1"]
[WhiteElo "2465"]
[BlackElo "2380"]

1.d4 Nf6 2.Nf3 e6 3.c4 c5 4.d5 exd5 5.cxd5 d6 6.Nc3 g6 7.e4 Bg7 8.Bg5 h6
9.Bh4 a6 10.Nd2 b5 11.Be2 O-O 12.O-O Nbd7 13.Qc2 Qc7 14.a4 b4 15.Nd1 Re8
16.Ne3 b3 17.Qb1 Rb8 18.Bc4 Ne5 19.Bxb3 Rb4 20.Qc2 g5 21.Bg3 Nh5 22.Bc4 Rxb2
23.Qd1 Nxg3 24.hxg3 Rxd2 25.Qxd2 Nxc4 26.Nxc4 Bxa1 27.Rxa1 Rxe4 28.Ne3 Rd4
29.Qc3 Qb6 30.Qc1 Bd7 31.a5 Qb5 32.Qe1 Qd3 33.Rb1 Bb5 34.g4 Re4 35.Rd1 Qe2
36.Qxe2 Bxe2 37.Rb1 Rb4 38.Rc1 Bd3 39.f3 Kg7 40.Kf2 Rb2+ 41.Kg3 Re2 42.Nf5+ Bxf5
43.gxf5 Rd2 44.Rb1 Rxd5 45.Rb6 c4 46.Rxa6 Rc5 47.Rxd6 c3 48.Rd1 Rxa5 49.Rc1 Rc5
50.Kf2 c2 51.Ke3 h5 52.Kd4 Rc8 53.Ke5 h4  0-1

[Event "BUL-ch"]
[Site "Sofia"]
[Date "1989.??.??"]
[Round "6"]
[White "Topalov, Veselin"]
[Black "Simeonov, Stefan"]
[Result "1-0"]
[WhiteElo "2395"]
[BlackElo "2335"]

1.d4 Nf6 2.Nf3 e6 3.c4 c5 4.d5 exd5 5.cxd5 d6 6.Nc3 g6 7.Nd2 Bg7 8.e4 O-O
9.Be2 Na6 10.O-O Nc7 11.a4 b6 12.f3 Rb8 13.Nc4 Ba6 14.Bg5 h6 15.Be3 Re8 16.Qd2 Kh7
17.Rab1 Bxc4 18.Bxc4 a6 19.Qd3 b5 20.axb5 axb5 21.Nxb5 Nfxd5 22.Bxd5 Nxd5
23.Qxd5 Rxb5 24.Qxf7 d5 25.Rfd1 d4 26.b4 Re7 27.Qc4 Qb6 28.Bd2 Rb7 29.Rdc1 cxb4
30.Rb3 Qa7 31.Kf1 Qa2 32.Qc2 Qa6 33.Qd3 Qd6 34.f4 Ra5 35.e5 Qf8 36.Qe4 Qf7
37.e6 Qe7 38.Rg3 Rf5 39.Rxg6 Kxg6 40.g4 Rb5 41.gxf5+ Rxf5 42.Bxb4 Qh4 43.e7 Qxf4+
44.Qxf4 Rxf4+ 45.Kg2 Re4 46.Rc8  1-0

[Event "Sverdlovsk"]
[Site "Sverdlovsk"]
[Date "1989.??.??"]
[Round "?"]
[White "Dautov, Rustem"]
[Black "Luther, Thomas"]
[Result "1-0"]
[WhiteElo "2535"]
[BlackElo "2410"]

1.d4 Nf6 2.c4 e6 3.Nf3 c5 4.d5 exd5 5.cxd5 d6 6.Nc3 g6 7.e4 Bg7 8.Bd3 O-O
9.O-O Re8 10.h3 Nh5 11.Bg5 Bf6 12.Be3 a6 13.a4 Nd7 14.Re1 Ne5 15.Be2 Nxf3+
16.Bxf3 Ng7 17.Qd2 Be5 18.Bf4 Bd7 19.Bxe5 Rxe5 20.Bd1 g5 21.Bg4 Bxg4 22.hxg4 h5
23.Qe2 hxg4 24.Qxg4 Qe7 25.Qh3 f5 26.f3 Re8 27.Qh6 Kf7 28.g4 Qd8 29.gxf5 Nxf5
30.exf5 Rxe1+ 31.Rxe1 Rxe1+ 32.Kf2 Qe8 33.Ne4 Rxe4 34.fxe4 Qxe4 35.Qe6+ Qxe6
36.fxe6+ Kg7 37.a5  1-0

[Event "Szekszard op"]
[Site "Szekszard"]
[Date "1989.??.??"]
[Round "5"]
[White "Kormanyos, Zoltan"]
[Black "Borocz, Istvan"]
[Result "1-0"]
[WhiteElo "2310"]
[BlackElo "2285"]

1.d4 Nf6 2.c4 c5 3.d5 e6 4.Nc3 exd5 5.cxd5 d6 6.Nf3 g6 7.Nd2 Bg7 8.e4 O-O
9.Be2 Na6 10.O-O Nc7 11.a4 Rb8 12.Re1 Re8 13.Qc2 Ng4 14.Nd1 b5 15.h3 Nf6
16.axb5 Nxb5 17.Bxb5 Rxb5 18.Nc3 Rb4 19.Rxa7 Qb6 20.Ra8 Qb7 21.Ra3 Bd7 22.Na2 Rd4
23.Rae3 Ra4 24.b3 Ra6 25.Nc3 Nh5 26.Nc4 Rb8 27.Ne2 Qa8 28.Bb2 Bxb2 29.Nxb2 Bb5
30.Nc3 Nf6 31.f4 Nh5 32.g3 Bd7 33.Kh2 Rab6 34.Ne2 Bb5 35.Nc1 Qb7 36.Rd1 Qa7
37.Qc3 c4 38.bxc4 Ba6 39.Re2 Rb4 40.e5 Qb6 41.Rdd2 Qc7 42.exd6 Qxd6 43.c5 Qc7
44.d6 Qa5 45.Nbd3 Bxd3 46.Nxd3 R4b5 47.Qxa5 Rxa5 48.c6 Nf6 49.c7 Rc8 50.Rb2 Raa8
51.Ra2 Rxa2 52.Rxa2 Kf8 53.Ne5 Ke8 54.Re2 Kf8 55.Rb2 Ne4 56.d7  1-0

[Event "Warsaw op"]
[Site "Warsaw"]
[Date "1989.??.??"]
[Round "?"]
[White "Komarov, Dimitri"]
[Black "Piesina, Gintautas"]
[Result "1-0"]
[WhiteElo "2350"]
[BlackElo "2430"]

1.d4 Nf6 2.c4 e6 3.Nf3 c5 4.d5 exd5 5.cxd5 d6 6.Nc3 g6 7.Bf4 a6 8.a4 Bg7
9.e4 O-O 10.Be2 Bg4 11.Nd2 Bxe2 12.Qxe2 Nh5 13.Be3 Nd7 14.O-O Rb8 15.a5 Qc7
16.g4 Nhf6 17.f4 Rfe8 18.f5 h6 19.h4 b5 20.g5 hxg5 21.hxg5  1-0

[Event "Hoogovens-B"]
[Site "Wijk aan Zee"]
[Date "1989.??.??"]
[Round "?"]
[White "Andruet, Gilles"]
[Black "Armas, Iulius"]
[Result "0-1"]
[WhiteElo "2420"]
[BlackElo "2455"]

1.d4 Nf6 2.c4 c5 3.d5 e6 4.Nc3 exd5 5.cxd5 d6 6.Nf3 g6 7.Nd2 Bg7 8.Nc4 O-O
9.Bg5 h6 10.Bf4 Nbd7 11.Bxd6 Re8 12.e3 Ne4 13.Nxe4 Rxe4 14.Rc1 b5 15.Nd2 Rb4
16.b3 Qa5 17.Qc2 Bb7 18.Be2 Qa6 19.Bg3 Bxd5 20.e4 Be6 21.a4 c4 22.axb5 Qa5
23.Bxc4 Bxc4 24.bxc4 Rb2 25.Qd1 Nc5 26.Rc2 Nxe4 27.Bc7 Qb4  0-1

[Event "Zenica"]
[Site "Zenica"]
[Date "1989.??.??"]
[Round "5"]
[White "Terzic, Safet"]
[Black "Mascarinas, Rico"]
[Result "0-1"]
[WhiteElo "2360"]
[BlackElo "2465"]

1.d4 Nf6 2.c4 e6 3.Nf3 c5 4.d5 exd5 5.cxd5 d6 6.Nc3 a6 7.a4 g6 8.g3 Bg7 9.Bg2 O-O
10.O-O Nbd7 11.Nd2 Ne8 12.Nc4 Nb6 13.Nxb6 Qxb6 14.a5 Qd8 15.Qb3 b5 16.axb6 Rb8
17.Na4 Bd7 18.h4 Bxa4 19.Qxa4 Rxb6 20.h5 Nc7 21.hxg6 hxg6 22.Qg4 Rb4 23.f4 Qe8
24.Bf3 f5 25.Qg5 Kf7 26.e4 Rxe4 27.Bxe4 Qxe4  0-1

[Event "DDR-ch 38th"]
[Site "Zittau"]
[Date "1989.??.??"]
[Round "?"]
[White "Gruenberg, Hans Ulrich"]
[Black "Luther, Thomas"]
[Result "1/2-1/2"]
[WhiteElo "2475"]
[BlackElo "2415"]

1.Nf3 Nf6 2.c4 e6 3.d4 c5 4.d5 exd5 5.cxd5 d6 6.Nc3 g6 7.Bf4 a6 8.e4 Bg7
9.a4 Bg4 10.Be2 O-O 11.O-O  1/2-1/2

[Event "FRA-ch"]
[Site "Angers"]
[Date "1990.??.??"]
[Round "3"]
[White "Andruet, Gilles"]
[Black "Daillet, Emmanuel"]
[Result "1/2-1/2"]
[WhiteElo "2380"]
[BlackElo "2280"]

1.d4 Nf6 2.c4 e6 3.Nf3 c5 4.d5 exd5 5.cxd5 d6 6.Nc3 g6 7.h3 Bg7 8.Bg5 h6
9.Bh4 b5 10.e3 a6 11.Be2 Nbd7 12.O-O O-O 13.Qc2 Qe7 14.Rad1 Bb7 15.Rfe1 b4
16.Na4 g5 17.Bg3 Ne4 18.Bh2 f5 19.Nd2 Ndf6 20.f3 Nxd2 21.Qxd2 Nd7 22.Kh1 Be5
23.Bxe5 Qxe5 24.f4 Qg7 25.fxg5 hxg5 26.Rf1 Rae8 27.Bd3 Re5 28.b3 Kh8 29.Qe2 Rf6
30.Bxa6 Bxd5 31.Bb5 Be4 32.Bxd7 Qxd7 33.Nb6 Qh7 34.Nc4 Ree6  1/2-1/2

[Event "FRA-ch"]
[Site "Angers"]
[Date "1990.??.??"]
[Round "14"]
[White "Villeneuve, Alain"]
[Black "Daillet, Emmanuel"]
[Result "1/2-1/2"]
[WhiteElo "2330"]
[BlackElo "2280"]

1.d4 Nf6 2.c4 e6 3.Nf3 c5 4.d5 exd5 5.cxd5 d6 6.Nc3 g6 7.e4 Bg7 8.h3 O-O
9.Bd3 Re8 10.O-O c4 11.Bc2 Na6 12.a3 Nc5 13.Re1 a6 14.Bg5 h6 15.Bf4 g5 16.Bh2 g4
17.Nd2 b5 18.h4 Nh5 19.Nf1 Qxh4 20.Bxd6 Nd7 21.a4 b4 22.Bxb4 Rb8 23.Bd6 Rxb2
24.Ra3 Ne5 25.Ne2 Ng6 26.Re3 Be5 27.Bxe5 Rxe5 28.Rc3 Rb4 29.Qd4 Bd7 30.Rxc4 Rb7
31.d6 Qd8 32.Rc5 Qb6 33.Rxe5 Qxd4 34.Nxd4 Nxe5 35.Bb3 Rb6 36.a5 Rxd6 37.Bd5 Nf4
38.Ne3 Nxd5 39.exd5 Rf6 40.Rc1 Rf4 41.Nc6 Nd3 42.Rc2 g3 43.fxg3 Re4 44.Nc4 h5
45.Nb6 Bf5 46.d6 Re1+ 47.Kh2 Ne5 48.Nxe5 Rxe5 49.d7 Bxd7 50.Nxd7 Rxa5 51.Rc4 Kg7
52.Kh3 Rd5 53.Nc5 a5 54.Kh4 Rd2 55.Ra4 Rxg2 56.Rxa5 Rh2+ 57.Kg5 f6+ 58.Kf4 h4
59.g4 Rf2+ 60.Ke3 Rf1 61.Ne4 Kg6 62.Rh5 Rg1 63.Kf3 Rf1+ 64.Nf2 Rg1 65.Kf4 Rf1
66.Ke3 Re1+ 67.Kf3 Rg1 68.Rf5 Rg3+ 69.Kf4 Rg1 70.Rh5 Rf1 71.Ke3 Re1+ 72.Kd2 Rg1
73.Rxh4 f5 74.gxf5+ Kxf5 75.Rh5+ Kg6 76.Rh3 Ra1 77.Ke3 Ra3+ 78.Nd3 Kf5 79.Kd4 Ra4+
80.Kd5 Ra8 81.Rf3+ Kg5 82.Rf1 Ra5+ 83.Nc5 Kg4  1/2-1/2